000 01282nam a2200301 a 4500
999 _c330238
_d330238
003 BLK
005 20231207144644.0
008 190412b bu ||||| |||| 00| 0 bu d
020 _a978-619-7356-62-5
040 _aBLK
041 _aBUL
_cBUL
080 _aМонтесори
_b371.481
080 _aВъзпитание в дома и в училище
_b37.018.1/.2
100 _aДжесън, Лин Лилард
_eпърви автор
_91299
139 _aДжесън, Лин Лилард
_bД 50
245 _aМонтесори от самото начало
_bДетето от раждането до тригодишна възраст
_cЛин Лилард Джесън, Пола Полк Лилард; прев. Евгения Димитрова-Минева
260 _9213613
_aВ. Търново
_bАсеневци
_c312 с.
300 _a312
_c21 см.
380 _a3
650 7 _9151367
_aВъзпитание
650 0 _9276449
_aСпособности и дарби - у деца
653 7 _9190909
_aметод на М. Монтесори
700 _aЛилард, Пола Полк
_eсъавт.
_91445
852 _bП
_cП 37.01/Д 50
942 _n0
_cKNG
_018
999 _d330238
944 _k30531
_lЦветелина Шанова